Novo código de processo civil : (Record no. 455)

MARC details
000 -LÍDER
Campo Fixo de Controle 00962cam a2200241 a 4500
001 - NÚMERO DE CONTROLE
Campo de Controle 455
003 - IDENTIFICAÇÃO DO NÚMERO DE CONTROLE
Campo de Controle BR-CuiBMT
005 - DATA E HORA DA ÚLTIMA ATUALIZAÇÃO
Campo de Controle 20231109121949.0
008 - DADOS FIXOS
Dados Fixos 231107s2010 mgb 001 0 por d
020 ## - INTERNATIONAL STANDARD BOOK NUMBER
Nº do ISBN 9788577003686
040 ## - AGÊNCIA CATALOGADORA
Código da Agência Catalogadora BR-CuiBMT
Agência que transcreveu o registro BR-CuiBMT
080 ## - Nº DA CLASSIFICAÇÃO DECIMAL UNIVERSAL
Nº edição CDU 2007
Nº Class. CDU 347.91/.95
Subd. Auxiliar Comum (81)
090 ## - NÚMERO DE CHAMADA
Nº classificação 347.91/.95(81)
Cutter N945
245 00 - TÍTULO PRINCIPAL
Título principal Novo código de processo civil :
Subtítulo comparativo entre o projeto do novo CPC e o CPC de 1973 /
Indicação de responsabilidade organizadores Jefferson Carús Guedes ... [et al.] ; equipe de colaboradores Niuza Gomes Barbosa de Lima, Daniela Barbosa de Lima, Carina Lentz Dutra ; prefácio Ministro Dias Toffoli.
260 ## - PUBLICAÇÃO, DISTRIBUIÇÃO, ETC.
Local de publicação Belo Horizonte :
Editora Fórum,
Data 2010.
300 ## - DESCRIÇÃO FÍSICA
N. páginas ou volumes 396 p. ;
Dimensões 24 cm
504 ## - NOTA DE BIBLIOGRAFIA, ETC.
Nota de bibliografia Inclui bibliografia e índice.
650 ## - ASSUNTO TÓPICO
Cabeçalho tópico ou nome geográfico Código processo civil
650 ## - ASSUNTO TÓPICO
Cabeçalho tópico ou nome geográfico Direitos e garantias e individuais
Subdivisão geográfica Brasil
650 ## - ASSUNTO TÓPICO
Cabeçalho tópico ou nome geográfico Processo civil
Subdivisão de forma Código
Subdivisão geográfica Brasil
700 ## - ENTRADA SECUNDÁRIA -- NOME PESSOAL
Nome pessoal Guedes, Jefferson Carús
Cód. do termo explicativo et al.
-- org.
942 ## - ELEMENTOS DE ENTRADA ADICIONAIS (KOHA)
Fonte de classificação ou esquema de arquivamento Classificação Decimal Universal
Tipo de item do Koha Livros
Holdings
Estado: removido Estado: perdido Fonte de classificação ou esquema de arquivamento Estado: danificado Indisponível para empréstimo Localização permanente Localização atual Data de aquisição Total Checkouts Número de Chamada completo Código de barras Date last seen Número do exemplar Preço efetivo a partir de Tipo de item (Koha)
    Classificação Decimal Universal     Biblioteca da Escola Superior de Contas do TCE/MT Biblioteca da Escola Superior de Contas do TCE/MT 28/07/2023   347.91/.95(81) N945 BIBTCEMT23110207 07/11/2023 Ex. 1 07/11/2023 Livros
    Classificação Decimal Universal     Biblioteca da Escola Superior de Contas do TCE/MT Biblioteca da Escola Superior de Contas do TCE/MT 28/07/2023   347.91/.95(81) N945 BIBTCEMT23110208 07/11/2023 Ex. 2 07/11/2023 Livros

Powered by Koha